| 000 | 00748nmm a22002777a 4500 | ||
|---|---|---|---|
| 005 | 20170214132144.0 | ||
| 008 | 150825b xxu||||| |||| 00| | spa d | ||
| 041 | _aSPA | ||
| 082 | _aGT 35 | ||
| 100 |
_aSalas Pereira, Megan _939990 |
||
| 100 |
_aIlama Monge, Jean Carlo _939991 |
||
| 100 |
_aGonzales Gonzáles, Paolo _939992 |
||
| 100 |
_aFonseca Sánchez, Felipe _939993 |
||
| 245 | _aAnálisis de recursos turísticos de Guápiles | ||
| 260 | _c2015 | ||
| 502 | _a | ||
| 650 |
_aGUAPILES _939994 |
||
| 650 |
_aCOSTA RICA _939995 |
||
| 650 |
_aATRACTIVOS TURÍSTICOS _95394 |
||
| 650 |
_aHISTORIA _943 |
||
| 650 |
_aPOBLACIÓN _91773 |
||
| 650 |
_aFLORA _94418 |
||
| 650 |
_aFAUNA _94419 |
||
| 650 |
_aCLIMA _91105 |
||
| 942 | _cGT | ||
| 999 |
_c7183 _d7183 |
||